Latin names for elements - Statistics

General Stats
  • This quiz has been taken 164 times
  • The average score is 6 of 11
Answer Stats
English Symbol Latin % Correct
Gold Au Aurum
89%
Silver Ag Argentum
77%
Iron Fe Ferrum
71%
Lead Pb Plumbum
69%
Tungsten W Wolfram
63%
Sodium Na Natrium
61%
Potassium K Kalium
59%
Copper Cu Cuprum
57%
Tin Sn Stannum
38%
Antimony Sb Stibium
31%
Mercury Hg Hydragyrum
21%
No matching quizzes found
Score Distribution
Percent of People with Each Score
Percentile by Number Answered
Your Score History
You have not taken this quiz